Districts of the Kingdom of Prussia in 1914 on a Map - Statistics

General Stats
  • This quiz has been taken 170 times
  • The average score is 17 of 37
Answers on the Map
Answers color-coded by a green-red scale on the quiz's map according to % correct below.
 
Answer Stats
Answer % Correct
Berlin
93%
Danzig
82%
Hanover
78%
Cologne
77%
Königsberg
75%
Breslau
70%
Posen
69%
Schleswig
67%
Düsseldorf
66%
Aachen
65%
Stettin
64%
Magdeburg
62%
Frankfurt an der Oder
61%
Potsdam
60%
Münster
55%
Trier
53%
Stralsund
46%
Kassel
45%
Erfurt
44%
Lüneburg
41%
Oppeln
40%
Koblenz
38%
Osnabrück
36%
Allenstein
35%
Bromberg
34%
Sigmaringen
33%
Liegnitz
25%
Wiesbaden
25%
Aurich
24%
Köslin
24%
Arnsberg
21%
Hildesheim
21%
Merseburg
20%
Gumbinnen
19%
Marienwerder
18%
Stade
18%
Minden
17%
No matching quizzes found
Score Distribution
Percent of People with Each Score
Percentile by Number Answered
Your Score History
You have not taken this quiz